Συγκριτική μελέτη παραμέτρων μετα-ευρετικών τεχνικών : εφαρμογή στο πρόβλημα διαχείρισης χαρτοφυλακίου : διπλωματική εργασία
Saved in:
| Main Author: | |
|---|---|
| Corporate Author: | |
| Other Authors: | |
| Format: | Thesis Book |
| Language: | Greek |
| Published: |
2013
|
| Subjects: | |
| Online Access: | http://hdl.handle.net/11610/8449 |
| Tags: |
Add Tag
No Tags, Be the first to tag this record!
|
MARC
| LEADER | 00000cam a2200000 i 4500 | ||
|---|---|---|---|
| 001 | 1/48400 | ||
| 008 | 140529s2013 gre d | ||
| 035 | |l 10117821 | ||
| 040 | |a GR-MY-UA |b gre |e aacr | ||
| 041 | 0 | |a gre | |
| 082 | 0 | |a 519.3 |2 (23) | |
| 100 | 1 | |a Χαϊκάλη, Ρουμβίνη. | |
| 245 | 1 | 0 | |a Συγκριτική μελέτη παραμέτρων μετα-ευρετικών τεχνικών : |b εφαρμογή στο πρόβλημα διαχείρισης χαρτοφυλακίου : διπλωματική εργασία / |c Ρουμβίνη Χαϊκάλη ; επιβλέπων: Δούνιας Γεώργιος |
| 260 | |c 2013 | ||
| 300 | |a 60 σ.; |b πίν., διαγρ.; |c 30 εκ. | ||
| 502 | # | # | |a Πτυχιακή εργασία – Πανεπιστήμιο Αιγαίου, Χίος, 2013. |
| 504 | |a Βιβλιογραφία: σ.59-60 | ||
| 650 | 0 | 0 | |a Mathematical optimization. |
| 650 | 0 | 0 | |a Genetic algorithms. |
| 650 | 0 | 0 | |a Investment analysis |x Mathematical models. |
| 650 | 0 | 0 | |a Portfolio management |x Mathematical models. |
| 650 | 0 | 0 | |a Dissertations, Academic |z Greece. |
| 700 | 1 | |4 ths |a Δούνιας, Γεώργιος Δ. | |
| 710 | 2 | |a Πανεπιστήμιο Αιγαίου |b Σχολή Επιστημών της Διοίκησης |b Τμήμα Μηχανικών Οικονομίας και Διοίκησης. | |
| 852 | |a INST |b CHIOS |c DIATR |e 20140529 |h 519.3 XAI |p 005200036454 |q 005200036454 |t DIE |y 23 | ||
| 852 | |a INST |b CHIOS |c DIATR |e 20140529 |h 519.3 ΧΑΙ |p 005200036455 |q 005200036455 |t DIE |y 23 | ||
| 856 | |u http://hdl.handle.net/11610/8449 | ||
| 901 | |a BIBL2-2014-2 | ||
| 909 | |a Χ |b 180324 | ||
| 909 | |a Χ |b 180325 | ||
| 924 | |a ΡΟΥΜΒΙΝΗ |b ΧΑΪΚΑΛΗ |y ΧΙΟΣ |z 2013-10 | ||
| 970 | |a ΣΑΛΑΜΟΥΡΑ |b ΜΑΡΙΑ |z 2014/05/29 | ||